Kurikulum študijných programov Lekárskej fakulty UK v Bratislave a možnosti rozvoja ekonomického vzdelávania z pohľadu celoživotnej uplatniteľnosti

Charakteristika predmetov súvisiacich s rozvojom ekonomických vedomostí a zručností študentov Lekárskej fakulty Univerzity Komenského v Bratislave. Podmienky a požiadavky na uplatňovanie absolventov z pohľadu trhu práce. Návrhy na možnosti rozvoja ekonomických vedomostí a podnikateľských zručností.

Enregistré dans:
Détails bibliographiques
Auteur principal: Matulčíková, Marta, 1964-
Format: Chapitre de livre
Langue:slovaque
Sujets:
Tags: Ajouter un tag
Pas de tags, Soyez le premier à ajouter un tag!

MARC

LEADER 00000naa$a2200000$$$4500
001 0177850
005 20250321102851.0
041 0 |a slo 
044 |a SK 
245 1 0 |a Kurikulum študijných programov Lekárskej fakulty UK v Bratislave a možnosti rozvoja ekonomického vzdelávania z pohľadu celoživotnej uplatniteľnosti  |c Marta Matulčíková 
520 |a Charakteristika predmetov súvisiacich s rozvojom ekonomických vedomostí a zručností študentov Lekárskej fakulty Univerzity Komenského v Bratislave. Podmienky a požiadavky na uplatňovanie absolventov z pohľadu trhu práce. Návrhy na možnosti rozvoja ekonomických vedomostí a podnikateľských zručností. 
610 2 0 |a vzdelávanie vysokoškolské 
610 2 0 |a fakulty 
610 2 0 |a predmety učebné 
610 2 0 |a programy študijné 
610 2 0 |a univerzity 
610 2 0 |a zdravotníctvo 
610 2 0 |a medicína 
610 2 0 |a lekári 
610 2 0 |a kurikulum 
100 1 |a Matulčíková, Marta, 1964-